000 00681nam a2200289Ia 4500
005 20260324112609.0
008 008 260324s9999 xx 000 0 eng d
020 _a9781032674421
037 _aEBOOK
040 _aCRL
040 _beng
040 _cCRL
041 _2eng
041 _aeng
084 _qCRL
100 _aMeredith Jones; Kath Burton; Donna Lee Brien
_91143359
245 0 _aKardashians
245 2 _bA Critical Anthology
260 _bTaylor and Francis
260 _c2024
365 _a
365 _b220
856 _uhttp://www.taylorfrancis.com/books/9781032674421
942 _cEBOOK
999 _c1732622
_d1732622